Prezentácia japonských systémov riadenia.

Charakteristika expertízno-poradenskej pomoci poskytovanej podniku na Slovensku inštitúciou Japan Productivity Center v Tokiu (JPC). Hlavné princípy aktivity JPC. Charakteristika uplatňovanej metódy Kaizen - systému zvyšovania produktivity práce - ako metódy zdokonaľovania, zlepšovania a pokroku zal...

ver descrição completa

Na minha lista:
Detalhes bibliográficos
Autor principal: Bednárik, J.
Formato: Capítulo de Livro
Idioma:eslovaco
Assuntos:
Tags: Adicionar Tag
Sem tags, seja o primeiro a adicionar uma tag!

MARC

LEADER 00000naa a2200000 4500
001 r008108
005 20220831084811.0
041 0 |a slo 
044 |a [CS] 
245 1 0 |a Prezentácia japonských systémov riadenia.  |c J. Bednárik 
520 |a Charakteristika expertízno-poradenskej pomoci poskytovanej podniku na Slovensku inštitúciou Japan Productivity Center v Tokiu (JPC). Hlavné princípy aktivity JPC. Charakteristika uplatňovanej metódy Kaizen - systému zvyšovania produktivity práce - ako metódy zdokonaľovania, zlepšovania a pokroku založeného na vlastných zdrojoch, dispozíciách a realitách. 
610 2 0 |a riadenie podnikové 
610 2 0 |a poradenstvo 
610 2 0 |a spolupráca podnikov 
610 2 0 |a Japonsko 
610 2 0 |a produktivita práce 
610 2 0 |a systémy riadenia 
100 1 |a Bednárik, J.